[Event "Match/Team URS-World 20,5-19,5"]
[Site "Belgrade"]
[Date "1970.04.04"]
[Round "4.6"]
[White "Smyslov, Vassily V"]
[Black "Olafsson, Fridrik"]
[Result "1-0"]
[WhiteElo "2620"]
[BlackElo "2560"]
[Annotator "Smyslov/Olafsson"]
[PlyCount "133"]
[EventDate "1970.03.29"]
[EventType "team"]
[EventRounds "4"]
[EventCountry "YUG"]
[SourceTitle "MCL"]
[Source "ChessBase"]
[SourceDate "1999.07.01"]
[SourceVersion "1"]
[SourceVersionDate "1999.07.01"]
[SourceQuality "1"]
[WhiteTeam "Soviet Union"]
[BlackTeam "World"]
[WhiteTeamCountry "URS"]
[TimeControl "40/9000:16/5400:0"]

1. c4 e6 2. g3 d5 3. Bg2 Nf6 4. Nf3 Be7 (4... dxc4 5. Na3 $1 {Olafsson=:O}) 5.
O-O O-O 6. d4 dxc4 7. Qc2 a6 (7... b5 $2 8. a4 c6 9. axb5 cxb5 10. Ng5 $1 {O})
(7... e5 $1 {O}) 8. Qxc4 b5 9. Qc2 Bb7 10. Bf4 Nc6 (10... Bd6 $142 {Smyslov=:S/
O}) (10... Nd5 $142 11. Nc3 {O} (11. Bd2 Nd7)) 11. Rd1 (11. Nc3 Nb4 (11... Nxd4
12. Nxd4 Bxg2 13. Rfd1 $1 $16) 12. Qb1 c5 {O}) 11... Nb4 12. Qc1 (12. Qxc7 $2
Qxc7 13. Bxc7 Nc2 {O}) 12... Qc8 13. Bg5 $1 {S/O} (13. Bxc7 $2 {O} Nfd5) 13...
Nbd5 (13... c5 14. Bxf6 gxf6 {S/O} (14... Bxf6 15. dxc5) 15. Nc3 {P 16. h6 +- O
}) 14. Nbd2 $1 {O} h6 $2 (14... c5 $5 {The best fighting chance! O} 15. e4 Nb4
16. e5 Nfd5 17. Bxe7 Nxe7 18. Qxc5 Qxc5 19. dxc5 Nd3 20. Nb3 {O} Nxb2 21. Rd7
$16 {S}) 15. Bxf6 Nxf6 16. Nb3 $18 {O} Bd6 17. Nc5 Bd5 18. Ne5 $1 {P 19.e4 O}
Bxg2 19. Kxg2 a5 20. Qe3 Bxc5 21. dxc5 Qa6 22. Qd3 Nd5 23. e4 Nf6 $2 {S} (23...
Nb4 24. Qd7 f6 25. a3 {S}) 24. f3 c6 25. Qe3 Rad8 26. Rd6 Rxd6 27. cxd6 c5 28.
Qxc5 b4 29. Re1 Rd8 (29... Rc8 30. Qd4 Rc2+ 31. Kg1 Re2 32. Rd1 Rc2 33. d7 $18
{S}) 30. Nc6 Ra8 31. Ne7+ Kh7 32. e5 Nd7 33. Qc2+ g6 34. f4 Nb6 35. Qe2 Qb7+
36. Qf3 Qa6 37. Rc1 Nc4 38. Qe2 (38. Rxc4 Qxc4 39. Qxa8 Qe2+ $10 {S}) 38...
Qb7+ 39. Kg1 Nxd6 40. exd6 Qb6+ 41. Qf2 Qxd6 42. Nc8 $1 {S} Qd3 (42... Rxc8 43.
Rxc8 Qd1+ 44. Kg2 Qd5+ 45. Qf3 Qd2+ 46. Kh3 $18) 43. Nb6 Rd8 44. b3 Qf5 45. Nc4
Rd3 46. Ne5 Rc3 47. Qd2 Rxc1+ 48. Qxc1 g5 49. Qd2 Kg7 50. Qd3 Qf6 51. Qd4 Qf5
52. Qd3 Qf6 53. Qe4 Qd8 54. Nf3 Qd1+ 55. Kf2 Qc1 56. Qe3 $2 {S} (56. fxg5 hxg5
57. Qe3 $18 {S}) 56... Qb1 $1 {S} 57. Qe2 g4 58. Ne5 h5 59. Kg2 f6 60. Nd3 Kf7
61. Nf2 Ke7 62. h3 f5 63. hxg4 fxg4 64. Nd3 Kf7 65. Kh2 $1 {S} Qa1 66. Ne5+ Kf8
67. Qd2 1-0

[Event "URS-chT Cup 07th final A"]
[Site "Rostov on Don"]
[Date "1971.08.??"]
[Round "3"]
[White "Polugaevsky, Lev"]
[Black "Smyslov, Vassily V"]
[Result "0-1"]
[WhiteElo "2640"]
[BlackElo "2620"]
[PlyCount "78"]
[EventDate "1971.08.06"]
[EventType "team-tourn"]
[EventRounds "5"]
[EventCountry "URS"]
[SourceTitle "EXT 2015"]
[Source "ChessBase"]
[SourceDate "2014.11.20"]
[SourceVersion "1"]
[SourceVersionDate "2014.11.20"]
[SourceQuality "1"]
[WhiteTeam "Lokomotiv"]
[BlackTeam "Burevestnik"]
[WhiteTeamCountry "URS"]
[BlackTeamCountry "URS"]

1. c4 Nf6 2. Nc3 e6 3. Nf3 c5 4. g3 b6 5. Bg2 Bb7 6. O-O Be7 7. d4 cxd4 8. Qxd4
Nc6 9. Qf4 Qb8 10. Nb5 Qxf4 11. Bxf4 O-O 12. Rfd1 d5 13. Nc7 Rad8 14. cxd5 Nxd5
15. Nxd5 exd5 16. Rd2 h6 17. Rad1 Bf6 18. h4 Rfe8 19. g4 Ne7 20. g5 Ng6 21. Bc7
Rc8 22. Bxb6 axb6 23. gxf6 gxf6 24. e3 h5 25. Ne1 Rc4 26. Rd4 Rec8 27. Kh2 Kg7
28. b3 Rxd4 29. Rxd4 Rc6 30. Nd3 Rc2 31. Bxd5 Bxd5 32. Rxd5 Rxa2 33. Kg3 Kh6
34. Rf5 Rd2 35. Nb4 Kg7 36. Nd5 Rb2 37. b4 b5 38. Rxf6 Ne7 39. Nxe7 Kxf6 0-1

[Event "URS-chT Republics 12th final A"]
[Site "Moscow"]
[Date "1972.03.13"]
[Round "5"]
[White "Smyslov, Vassily V"]
[Black "Dzindzichashvili, Roman"]
[Result "1-0"]
[WhiteElo "2620"]
[BlackElo "2500"]
[PlyCount "52"]
[EventDate "1972.03.??"]
[EventType "team-tourn"]
[EventRounds "4"]
[EventCountry "URS"]
[SourceTitle "EXT 2020"]
[Source "ChessBase"]
[SourceDate "2019.10.17"]
[SourceVersion "1"]
[SourceVersionDate "2019.10.17"]
[SourceQuality "1"]
[WhiteTeam "Moscow"]
[BlackTeam "Georgia"]
[WhiteTeamCountry "RUS"]
[BlackTeamCountry "GEO"]

1. c4 c5 2. Nf3 Nf6 3. g3 b6 4. Bg2 Bb7 5. O-O e6 6. Nc3 Be7 7. Qc2 O-O 8. e4
d6 9. d4 cxd4 10. Nxd4 Nbd7 11. Rd1 Qb8 12. b3 Rc8 13. Bb2 a6 14. Qe2 Ne5 15.
Rac1 Nc6 16. Na4 Nd7 17. Nxe6 fxe6 18. Qg4 Nf6 19. Qxe6+ Kh8 20. Nxb6 Rf8 21.
c5 Ra7 22. cxd6 Bd8 23. Na4 Re8 24. Qf7 Ba8 25. d7 Rg8 26. Qe6 Qb5 1-0

[Event "URS-chT Cup 08th"]
[Site "Moscow"]
[Date "1974.08.27"]
[Round "6"]
[White "Smyslov, Vassily V"]
[Black "Bronstein, David Ionovich"]
[Result "1-0"]
[WhiteElo "2600"]
[BlackElo "2595"]
[PlyCount "83"]
[EventDate "1974.08.20"]
[EventType "team-tourn"]
[EventRounds "9"]
[EventCountry "URS"]
[SourceTitle "EXT 2020"]
[Source "ChessBase"]
[SourceDate "2019.10.17"]
[SourceVersion "1"]
[SourceVersionDate "2019.10.17"]
[SourceQuality "1"]
[WhiteTeam "Burevestnik"]
[BlackTeam "Dinamo"]
[WhiteTeamCountry "URS"]
[BlackTeamCountry "URS"]

1. d4 d5 2. c4 c6 3. Nc3 Nf6 4. e3 Bf5 5. cxd5 cxd5 6. Qb3 Bc8 7. Nf3 e6 8. Bd3
Nc6 9. O-O Be7 10. Bd2 O-O 11. Rac1 Qb6 12. Qxb6 axb6 13. h3 Bd6 14. a3 Bd7 15.
e4 dxe4 16. Nxe4 Be7 17. Rfd1 Rfd8 18. Nxf6+ Bxf6 19. Be4 Be8 20. Bc3 Be7 21.
d5 exd5 22. Bxd5 Kf8 23. Be4 f6 24. Nd4 Kf7 25. Nf5 Bc5 26. Bd5+ Kf8 27. b4 Be7
28. b5 Bxa3 29. bxc6 bxc6 30. Ra1 Bc5 31. Rxa8 Rxa8 32. Bf3 Ra3 33. Bd4 Bxd4
34. Nxd4 Rc3 35. Ne6+ Ke7 36. Nxg7 Bg6 37. Re1+ Kd7 38. Bg4+ Kc7 39. f4 Bd3 40.
Ne8+ Kd8 41. Nxf6 b5 42. Ne4 1-0

[Event "URS-chT Cup 08th"]
[Site "Moscow"]
[Date "1974.08.29"]
[Round "7"]
[White "Kuzmin, Gennady"]
[Black "Smyslov, Vassily V"]
[Result "0-1"]
[WhiteElo "2600"]
[BlackElo "2600"]
[PlyCount "78"]
[EventDate "1974.08.20"]
[EventType "team-tourn"]
[EventRounds "9"]
[EventCountry "URS"]
[SourceTitle "EXT 2020"]
[Source "ChessBase"]
[SourceDate "2019.10.17"]
[SourceVersion "1"]
[SourceVersionDate "2019.10.17"]
[SourceQuality "1"]
[WhiteTeam "Avangard"]
[BlackTeam "Burevestnik"]
[WhiteTeamCountry "URS"]
[BlackTeamCountry "URS"]

1. e4 e5 2. Nf3 Nc6 3. Bb5 a6 4. Ba4 Nf6 5. O-O Be7 6. Re1 b5 7. Bb3 O-O 8. h3
d6 9. c3 Qd7 10. d4 Re8 11. Nbd2 Bf8 12. a3 g6 13. Ba2 Bg7 14. b4 Nh5 15. Nf1
Bb7 16. Bb2 Nf4 17. Ng3 Qe7 18. Ne2 Nxe2+ 19. Qxe2 Nd8 20. d5 c6 21. c4 bxc4
22. dxc6 Bxc6 23. Bxc4 Ne6 24. Bxa6 Nf4 25. Qf1 Qf6 26. Re3 Bh6 27. Nh2 Qg5 28.
Rg3 Qd8 29. Re1 Qb6 30. Bc4 Rec8 31. Rge3 Bd7 32. Ng4 Bg7 33. Rf3 Be6 34. Ne3
Qc6 35. Bd3 Qa4 36. Bc4 Qc6 37. Bd3 Qa4 38. Bb5 Qb3 39. Nc4 Qxc4 0-1

[Event "URS-chT Republics 13th final A"]
[Site "Riga"]
[Date "1975.07.??"]
[Round "4"]
[White "Smyslov, Vassily V"]
[Black "Kortschnoj, Viktor Lvovich"]
[Result "1-0"]
[WhiteElo "2605"]
[BlackElo "2665"]
[PlyCount "87"]
[EventDate "1975.07.??"]
[EventType "team-tourn"]
[EventRounds "4"]
[EventCountry "URS"]
[SourceTitle "EXT 2020"]
[Source "ChessBase"]
[SourceDate "2019.10.17"]
[SourceVersion "1"]
[SourceVersionDate "2019.10.17"]
[SourceQuality "1"]
[WhiteTeam "Moscow"]
[BlackTeam "Leningrad"]
[WhiteTeamCountry "RUS"]
[BlackTeamCountry "RUS"]

1. Nf3 Nf6 2. d4 g6 3. c4 Bg7 4. g3 O-O 5. Bg2 c6 6. O-O d5 7. cxd5 cxd5 8. Ne5
Ng4 9. Nxg4 Bxg4 10. Nc3 Nc6 11. h3 Be6 12. e3 Rc8 13. Bd2 Qd7 14. Kh2 f6 15.
Qa4 Bf7 16. b4 e5 17. b5 Ne7 18. Qxa7 Ra8 19. Qc5 Rfc8 20. Qb4 Rc4 21. Qb2 exd4
22. exd4 Rxd4 23. Ne2 Rda4 24. Bc3 d4 25. Bxd4 Rxa2 26. Rfe1 f5 27. Rxa2 Rxa2
28. Qc3 Bf8 29. Qe3 Bd5 30. Nc3 Bxg2 31. Kxg2 Ra8 32. Qe5 Kf7 33. Qh8 Qd6 34.
Qxh7+ Ke8 35. Be5 Qe6 36. Re3 Qf7 37. Qh4 Rd8 38. Bf6 Rd6 39. Bxe7 Bxe7 40.
Qh8+ Qf8 41. Qe5 Kf7 42. Nd5 Bd8 43. h4 Kg8 44. h5 1-0

[Event "Lone Pine op Louis D. Statham Masters"]
[Site "Lone Pine"]
[Date "1976.03.09"]
[Round "3"]
[White "Dake, Arthur William"]
[Black "Smyslov, Vassily V"]
[Result "0-1"]
[WhiteElo "2360"]
[BlackElo "2580"]
[PlyCount "50"]
[EventDate "1976.03.07"]
[EventType "swiss"]
[EventRounds "7"]
[EventCountry "USA"]
[SourceTitle "MCD"]
[Source "ChessBase"]
[SourceDate "1999.07.01"]
[SourceVersion "1"]
[SourceVersionDate "1999.07.01"]
[SourceQuality "1"]

1. d4 Nf6 2. Nf3 g6 3. c4 Bg7 4. Nc3 d5 5. cxd5 Nxd5 6. e3 O-O 7. Bc4 Nb6 8.
Be2 c5 9. dxc5 Qxd1+ 10. Bxd1 N6d7 11. Na4 Na6 12. c6 bxc6 13. Bd2 Nac5 14.
Nxc5 Nxc5 15. Be2 Bxb2 16. Rb1 Rb8 17. Nd4 Bd7 18. O-O Ne4 19. Ba5 c5 20. Nb3
Ba3 21. f3 Nd6 22. Rfd1 c4 23. Nd4 Ba4 24. Bc7 Rbc8 25. Bxd6 exd6 0-1

[Event "URS-ch44 Final"]
[Site "Moscow"]
[Date "1976.12.13"]
[Round "11"]
[White "Smyslov, Vassily V"]
[Black "Grigorian, Karen Ashotovich"]
[Result "1-0"]
[WhiteElo "2580"]
[BlackElo "2485"]
[Annotator "Belov,I"]
[PlyCount "47"]
[EventDate "1976.11.27"]
[EventType "tourn"]
[EventRounds "17"]
[EventCountry "URS"]
[EventCategory "12"]
[SourceTitle "URS-ch"]
[Source "ChessBase"]
[SourceDate "1999.07.01"]
[SourceVersion "1"]
[SourceVersionDate "1999.07.01"]
[SourceQuality "1"]

1. e4 c5 2. Nf3 d6 3. d4 cxd4 4. Nxd4 Nf6 5. Nc3 a6 6. Be2 e6 7. O-O Qc7 8. f4
Nbd7 (8... Be7 9. Bf3 $1 Nbd7 10. Kh1 O-O 11. g4 $1 $14) 9. a4 (9. g4 $5 b5 10.
a3 Bb7 11. Bf3 Nc5 12. Qe2 e5 13. Nf5 $14 {Nezhmetdinov,R-Tal,M/URS/1961/})
9... b6 10. Bf3 Bb7 11. Qe2 e5 $5 (11... Be7 12. Be3 O-O 13. g4 $5 Nc5 14. Qg2
e5 $1 15. Nf5 d5 $13 {Butnorius,A-Platonov,I/URS/1976/}) 12. Nd5 $5 (12. Nf5 $5
g6 13. fxe5 Nxe5 $5 (13... dxe5 14. Nh6 $1 $16) 14. Nh6 Bg7 $13) 12... Nxd5 13.
exd5 g6 14. Nc6 (14. Ra3 $6 Bg7 15. Rc3 Nc5 16. b4 e4 $1 $132) 14... Bg7 15.
fxe5 Nxe5 $8 (15... dxe5 $6 16. d6 $1 Qxd6 17. Nxe5 Qxe5 18. Qxe5+ Nxe5 19.
Bxb7 $16) 16. Nxe5 Bxe5 17. Bh6 f6 $1 $10 (17... O-O-O $6 18. Qf2 Bxb2 19. Ra2
Bc3 20. Rb1 $16) 18. c4 (18. Ra3 Kf7 19. Rc3 Qe7 $1 (19... Qd8 $6 20. Bg4 Bxd5
21. Rd1 Be6 22. Bxe6+ Kxe6 23. Rc6 $16) 20. Rb3 Rhe8 21. Qf2 b5 22. axb5 axb5
23. Rd1 Ra2 $10) 18... Kf7 19. Bg4 Bc8 20. Bxc8 Raxc8 $2 (20... Qxc8 $142 21.
Be3 $5 (21. Rae1 Re8 22. Kh1 Kg8 23. b3 Bc3 $10) 21... Re8 22. Qd3 $14) 21.
Rxf6+ $1 Kxf6 $8 22. Qg4 {/\ Qe6/} Qc5+ 23. Kh1 Ke7 24. Bg5+ (24. Bg5+ Kf7 25.
Rf1+ Kg7 26. Qd7+ $18) 1-0

[Event "Christmas Congress 1976/77-52 Premier"]
[Site "Hastings"]
[Date "1976.12.30"]
[Round "2"]
[White "Smyslov, Vassily V"]
[Black "Rumens, David E"]
[Result "1-0"]
[WhiteElo "2580"]
[BlackElo "2300"]
[PlyCount "113"]
[EventDate "1976.12.29"]
[EventType "tourn"]
[EventRounds "15"]
[EventCountry "ENG"]
[EventCategory "9"]
[SourceTitle "EXT 1999"]
[Source "ChessBase"]
[SourceDate "1998.11.16"]
[SourceVersion "1"]
[SourceVersionDate "1998.11.16"]
[SourceQuality "1"]

1. Nf3 f5 2. b3 e6 3. Bb2 Nf6 4. g3 a5 5. c4 Be7 6. Bg2 O-O 7. O-O d6 8. d4 Qe8
9. Nc3 c6 10. Qc2 d5 11. e3 Qh5 12. Ne5 Nbd7 13. Nd3 Bd6 14. Nf4 Qh6 15. Rfe1
Ne4 16. f3 Nxc3 17. Bxc3 Nf6 18. Nd3 Bd7 19. Qd2 a4 20. Bb4 Bxb4 21. Nxb4 Ra7
22. c5 Rfa8 23. Nc2 axb3 24. axb3 Qg6 25. Qc3 Qe8 26. Rxa7 Rxa7 27. Ra1 Qa8 28.
Rxa7 Qxa7 29. Qa1 Qxa1+ 30. Nxa1 Kf7 31. b4 Ke7 32. Nb3 Kd8 33. Nd2 Be8 34. h3
Bg6 35. Kf2 Kc7 36. g4 fxg4 37. hxg4 Bd3 38. g5 Nd7 39. e4 e5 40. Ke3 Bc2 41.
exd5 cxd5 42. f4 e4 43. Bh3 Nf8 44. Nf1 Ba4 45. f5 Be8 46. Kf4 Bf7 47. Ne3 b6
48. cxb6+ Kxb6 49. Ke5 Kc6 50. b5+ Kxb5 51. Kd6 Bh5 52. Ke7 Ng6+ 53. fxg6 Bxg6
54. Kd6 Kb4 55. Nxd5+ Kc4 56. Ke5 Kd3 57. Nf4+ 1-0

[Event "Christmas Congress 1976/77-52 Premier"]
[Site "Hastings"]
[Date "1977.01.10"]
[Round "11"]
[White "Smyslov, Vassily V"]
[Black "Farago, Ivan"]
[Result "1-0"]
[WhiteElo "2595"]
[BlackElo "2500"]
[PlyCount "34"]
[EventDate "1976.12.29"]
[EventType "tourn"]
[EventRounds "15"]
[EventCountry "ENG"]
[EventCategory "9"]
[SourceTitle "EXT 1999"]
[Source "ChessBase"]
[SourceDate "1998.11.16"]
[SourceVersion "1"]
[SourceVersionDate "1998.11.16"]
[SourceQuality "1"]

1. c4 Nf6 2. Nc3 e6 3. e4 d5 4. e5 Nfd7 5. cxd5 exd5 6. d4 c5 7. Nf3 Nc6 8. Bb5
a6 9. Bxc6 bxc6 10. O-O Be7 11. dxc5 Nxc5 12. Nd4 Qb6 13. Be3 O-O 14. Rc1 Rd8
15. b4 Ne4 16. Na4 Qb7 17. Nxc6 Re8 1-0

[Event "Zonal Lvov"]
[Site "Lvov"]
[Date "1978.??.??"]
[Round "2"]
[White "Tseshkovsky, Vitaly"]
[Black "Smyslov, Vassily V"]
[Result "0-1"]
[WhiteElo "2570"]
[BlackElo "2575"]
[PlyCount "174"]
[EventDate "1978.04.??"]
[EventType "tourn"]
[EventRounds "15"]
[EventCountry "URS"]
[EventCategory "13"]
[SourceTitle "MCL"]
[Source "ChessBase"]
[SourceDate "1999.07.01"]
[SourceVersion "1"]
[SourceVersionDate "1999.07.01"]
[SourceQuality "1"]

1. e4 e5 2. Nf3 Nc6 3. Bb5 a6 4. Ba4 Nf6 5. O-O Be7 6. Re1 b5 7. Bb3 O-O 8. d4
d6 9. c3 Bg4 10. d5 Na5 11. Bc2 c6 12. h3 Bd7 13. Nxe5 dxe5 14. d6 Bxd6 15.
Qxd6 Nc4 16. Qd1 Be6 17. b3 Nb6 18. Bg5 Qxd1 19. Rxd1 a5 20. Nd2 a4 21. Nf3
Nfd7 22. Be3 axb3 23. axb3 Rxa1 24. Rxa1 f6 25. Ne1 Ra8 26. Rd1 Kf7 27. Nd3 Ra3
28. Rb1 Nc8 29. Bc1 Ra8 30. f4 exf4 31. Bxf4 Ne7 32. Bd6 Ng6 33. Rf1 Ke8 34.
Rb1 Nge5 35. Rb2 Ra1+ 36. Kf2 Nxd3+ 37. Bxd3 Ne5 38. Bxe5 fxe5 39. Ke3 Ra3 40.
Bc2 c5 41. Kd2 b4 42. Bd1 Ke7 43. c4 Bf7 44. Ke2 Bh5+ 45. g4 Bg6 46. Kd3 Ra1
47. Rd2 Bf7 48. Ke3 g5 49. Rd3 Be8 50. Rd5 Bc6 51. Rd2 Bb7 52. Kf3 Ra6 53. Bc2
Rf6+ 54. Ke3 Rh6 55. Rh2 Rh4 56. Kf2 Rh6 57. Ke3 Ra6 58. h4 Rh6 59. h5 Rf6 60.
Rh1 Bc8 61. Rd1 Ra6 62. Kd2 Ra2 63. Kc1 Ra1+ 64. Bb1 Ra6 65. Kd2 Rf6 66. Bd3
Rf4 67. Be2 Rxe4 68. Bf3 Rf4 69. Ke3 h6 70. Ra1 Bxg4 71. Ra7+ Bd7 72. Bc6 Rd4
73. Bd5 g4 74. Kf2 e4 75. Ke3 Kd6 76. Kf4 e3+ 77. Kxe3 Bf5 78. Ra8 Ke5 79. Re8+
Kf6 80. Rg8 Bc2 81. Rc8 Ke5 82. Rxc5 Rd3+ 83. Ke2 Kd4 84. Rc6 Rxb3 85. Rd6 Rb2
86. Kf2 b3 87. Rxh6 Ra2 0-1

[Event "Sao Paulo International"]
[Site "Sao Paulo"]
[Date "1978.05.20"]
[Round "1"]
[White "Smyslov, Vassily V"]
[Black "Filguth, Rubens Alberto"]
[Result "1-0"]
[WhiteElo "2575"]
[BlackElo "2350"]
[PlyCount "82"]
[EventDate "1978.05.20"]
[EventType "tourn"]
[EventRounds "13"]
[EventCountry "BRA"]
[EventCategory "8"]
[SourceTitle "MCL"]
[Source "ChessBase"]
[SourceDate "1999.07.01"]
[SourceVersion "1"]
[SourceVersionDate "1999.07.01"]
[SourceQuality "1"]

1. Nf3 Nf6 2. c4 e6 3. Nc3 b6 4. e4 Bb7 5. d3 d6 6. g3 Be7 7. Bg2 O-O 8. O-O c5
9. b3 Nbd7 10. Qe2 a6 11. Bb2 Ne8 12. d4 Nc7 13. Rfd1 b5 14. dxc5 Nxc5 15. b4
Nd7 16. cxb5 axb5 17. Nd4 Nb6 18. Ncxb5 Nxb5 19. Nxb5 Ba6 20. Qg4 g6 21. Nd4
Qd7 22. Nf3 Rfc8 23. Qf4 Rc2 24. Bf6 Bf8 25. Qe3 Rb8 26. Nd4 Rcc8 27. Bh3 Bc4
28. a3 Qb7 29. Nf3 Rc7 30. Nd2 Bb5 31. Rdc1 Rbc8 32. Rxc7 Qxc7 33. Bf1 Ba4 34.
Bd4 Nd7 35. Nc4 Ra8 36. Rc1 Qb8 37. Nb6 Nxb6 38. Bxb6 Qe8 39. Bd4 Rb8 40. Rc7
Qd8 41. Qc3 e5 1-0

[Event "Sao Paulo International"]
[Site "Sao Paulo"]
[Date "1978.05.26"]
[Round "4"]
[White "Smyslov, Vassily V"]
[Black "Castro Rojas, Oscar Humberto"]
[Result "1-0"]
[WhiteElo "2575"]
[BlackElo "2425"]
[PlyCount "55"]
[EventDate "1978.05.20"]
[EventType "tourn"]
[EventRounds "13"]
[EventCountry "BRA"]
[EventCategory "8"]
[SourceTitle "MCL"]
[Source "ChessBase"]
[SourceDate "1999.07.01"]
[SourceVersion "1"]
[SourceVersionDate "1999.07.01"]
[SourceQuality "1"]

1. Nf3 d5 2. d4 Nc6 3. c4 Bg4 4. cxd5 Bxf3 5. gxf3 Qxd5 6. e3 e6 7. Nc3 Qd7 8.
f4 Nge7 9. Bd2 Nf5 10. Qa4 Be7 11. O-O-O O-O 12. Be1 Qc8 13. d5 Nb4 14. e4 Nh4
15. Bh3 f5 16. a3 Na6 17. Qc4 Nc5 18. f3 a6 19. Bxh4 b5 20. Bxe7 bxc4 21. Bxc5
Rf7 22. dxe6 Qxe6 23. Bxf5 Rxf5 24. exf5 Qxf5 25. Be3 Re8 26. Bd2 Qh3 27. Rdf1
Rd8 28. Ne4 1-0

[Event "Sao Paulo International"]
[Site "Sao Paulo"]
[Date "1978.05.30"]
[Round "7"]
[White "Evans, Larry Melvyn"]
[Black "Smyslov, Vassily V"]
[Result "0-1"]
[WhiteElo "2530"]
[BlackElo "2575"]
[Annotator "Notkin,M"]
[PlyCount "150"]
[EventDate "1978.05.20"]
[EventType "tourn"]
[EventRounds "13"]
[EventCountry "BRA"]
[EventCategory "8"]
[SourceTitle "MCL"]
[Source "ChessBase"]
[SourceDate "1999.07.01"]
[SourceVersion "1"]
[SourceVersionDate "1999.07.01"]
[SourceQuality "1"]

1. c4 c6 2. Nf3 d5 3. b3 Bg4 4. cxd5 cxd5 5. Ne5 Bf5 6. e3 Nf6 7. Qf3 $6 (7.
Nc3 Nbd7 8. Nxd7 Bxd7 9. Be2 e6 10. O-O a6 11. Bb2 Bd6 12. Rc1 b5 $10 {Serper,
G-Dreev,A/Tbilisi/1989/0:1/44/}) 7... e6 8. Bb5+ Nbd7 9. Bb2 a6 $1 (9... Bd6
10. Bxd7+ (10. Nxd7 Nxd7 11. Bxg7 Rg8 12. Bb2 Be4 $36) 10... Nxd7 11. Nxf7 Kxf7
12. g4 Nf6 13. gxf5 e5 $13) 10. Bxd7+ Nxd7 11. Nxf7 Kxf7 12. g4 Qg5 13. gxf5
Qxf5 14. Qxf5+ (14. Qg3 Rc8 $17) 14... exf5 15. Nc3 (15. Ke2 $32) 15... Nc5 $1
16. Nd1 $2 (16. Ke2 d4 $1 17. exd4 Re8+ 18. Kd1 (18. Kf3 Nd3 19. Rab1 g5 $17)
18... Nd3 19. Kc2 Nb4+ 20. Kb1 g6 $17) (16. Na4 $5 Ne6 17. Rc1 b5 18. Nb6 Rd8
19. Rc6 $13) 16... Rc8 17. Ke2 Ne6 18. Rc1 Rxc1 19. Bxc1 Be7 20. Nb2 Rc8 21.
Kd1 (21. Nd3 $5 $15) 21... Nc5 22. f3 d4 $1 23. exd4 (23. Nc4 Rd8 $17) 23...
Ne6 24. d5 Nf4 25. Nc4 Nxd5 26. Bb2 Rd8 27. Re1 Bf6 28. Bxf6 $2 (28. Ne5+ Kg8
29. a3 Nc7 $15) 28... Kxf6 $17 29. a3 Nc3+ 30. Kc2 Nb5 31. Re3 h5 32. Rd3 Nd4+
33. Kc3 (33. Kd1 g5) 33... Ne2+ 34. Kc2 Rd4 $1 {/\Rh4/} 35. Re3 Ng1 $1 36. Kd1
f4 $1 (36... Rh4 37. Ke1 Rxh2 38. d4 $132) 37. Rc3 g5 38. Ke1 g4 39. fxg4 hxg4
40. Kf2 Nf3 41. h3 Ng5 (41... Nxd2 42. Nxd2 Rxd2+ 43. Ke1 Ra2 44. hxg4 Kg5 $17)
42. hxg4 Ne4+ 43. Kf3 Nxc3 44. dxc3 Rd3+ 45. Kxf4 Rxc3 46. Nd2 (46. g5+ Ke7 47.
Ke5 Rxb3 48. g6 (48. a4 b5 49. axb5 Rxb5+ $19) 48... b5 49. Nd6 Kf8 50. Kf6
Rxa3 51. Nf5 Rf3 $19) 46... Ke7 $1 (46... Rd3 47. Ne4+ Ke7 48. Nc5 Rc3 49. Nxb7
Rxb3 50. Nc5 Rxa3 51. Ke5 $132) 47. Ke4 Rg3 48. Nf3 Rxg4+ $19 49. Kd5 Rg3 50.
Nd4 Rg5+ 51. Kc4 Kd6 52. a4 Rg4 53. Kc3 Kd5 54. Nc2 Rh4 55. Ne3+ Kc5 56. Nc2
Rh3+ 57. Kb2 Kd5 58. Na3 Kd4 59. Nc2+ Kd3 60. Nb4+ Kd2 61. Nd5 Rh6 $1 62. Nb4
Rd6 63. Nc2 Rc6 64. Nd4 Rc5 65. Nf3+ Ke2 66. Nd4+ Kd3 67. Ne6 Rc2+ 68. Ka3 a5
$1 69. Nd8 Kc3 70. Nxb7 (70. Ne6 Rb2 71. Nd4 b6 72. Nb5+ Kc2 73. Nd4+ Kb1 {
/\Ra2#/}) 70... Rc1 71. Ka2 Kb4 72. Nd6 Rc2+ 73. Kb1 Kxb3 74. Nb7 Rc7 75. Nxa5+
Kxa4 0-1

[Event "Clarin"]
[Site "Buenos Aires"]
[Date "1978.??.??"]
[Round "6"]
[White "Smyslov, Vassily V"]
[Black "Szmetan, Jorge"]
[Result "1-0"]
[WhiteElo "2575"]
[BlackElo "2420"]
[PlyCount "71"]
[EventDate "1978.11.??"]
[EventType "tourn"]
[EventRounds "13"]
[EventCountry "ARG"]
[EventCategory "11"]
[SourceTitle "MCD"]
[Source "ChessBase"]
[SourceDate "1999.07.01"]
[SourceVersion "1"]
[SourceVersionDate "1999.07.01"]
[SourceQuality "1"]

1. d4 Nf6 2. Nf3 c5 3. d5 b5 4. Bg5 Qb6 5. Nc3 b4 6. Na4 Qa5 7. Bxf6 gxf6 8. b3
d6 9. e4 Bg7 10. Bd3 f5 11. exf5 Nd7 12. Rb1 Nf6 13. O-O O-O 14. Nd2 Qd8 15. c4
e6 16. dxe6 fxe6 17. Qf3 Rb8 18. Rfe1 exf5 19. Bxf5 Bxf5 20. Qxf5 Kh8 21. Nf3
Nd7 22. Qh3 Rb7 23. Re6 Rf6 24. Rd1 Nf8 25. Nxc5 Nxe6 26. Nxb7 Qe7 27. Re1 Rh6
28. Qf5 Bc3 29. Re3 Rg6 30. g3 Rf6 31. Qd5 Qd7 32. c5 Nc7 33. Qd3 d5 34. Nd6
Qc6 35. Re7 Rh6 36. Nf7+ 1-0

[Event "Clarin"]
[Site "Buenos Aires"]
[Date "1978.??.??"]
[Round "11"]
[White "Torre, Eugenio"]
[Black "Smyslov, Vassily V"]
[Result "0-1"]
[WhiteElo "2490"]
[BlackElo "2575"]
[PlyCount "60"]
[EventDate "1978.11.??"]
[EventType "tourn"]
[EventRounds "13"]
[EventCountry "ARG"]
[EventCategory "11"]
[SourceTitle "MCD"]
[Source "ChessBase"]
[SourceDate "1999.07.01"]
[SourceVersion "1"]
[SourceVersionDate "1999.07.01"]
[SourceQuality "1"]

1. c4 e5 2. Nc3 Nf6 3. Nf3 Nc6 4. e3 Bb4 5. Qc2 O-O 6. d3 Re8 7. Bd2 Bxc3 8.
Bxc3 d5 9. cxd5 Nxd5 10. Be2 Qd6 11. O-O Ncb4 12. Qb1 Bf5 13. Rd1 Rad8 14. Be1
Nb6 15. a3 N4d5 16. b4 h6 17. Qa2 Be6 18. Qc2 Bd7 19. Rdc1 Ba4 20. Qc5 c6 21.
Qa5 Bb5 22. Rc5 Na4 23. Rxb5 cxb5 24. d4 a6 25. dxe5 Qb8 26. Nd4 Qxe5 27. Bf3
Nc7 28. Bxb7 Rxd4 29. Rc1 Rd7 30. Bc6 Qb2 0-1